LEADER 00979nam0-2200337---450- 001 990008770870403321 005 20090407100119.0 010 $a978-88-217-2812-9 035 $a000877087 035 $aFED01000877087 035 $a(Aleph)000877087FED01 035 $a000877087 100 $a20081202d2008----km-y0itay50------ba 101 0 $aita 102 $aIT 105 $ay-------001yy 200 1 $aManuale del nuovo diritto amministrativo$ela tutela nei confronti della P.A. nel mutato quadro normativo e giurisprudenziale$fItalo Franco 210 $aMilano$cIPSOA$dc2008 215 $aXIV, 777 p.$d24 cm 300 $av. II 676 $a342$v11 rid.$zIta 700 1$aFranco,$bItalo$0237802 801 0$aIT$bUNINA$gRICA$2UNIMARC 901 $aBK 912 $a990008770870403321 952 $aVI A 768$b7846$fDDA 952 $aDP IV-257$b276$fDEC 959 $aDDA 959 $aDEC 996 $aManuale del nuovo diritto amministrativo$9712515 997 $aUNINA LEADER 01416nam0 2200325 450 001 000039535 005 20160211162238.0 100 $a20141111d1964----km-y0itaa50------ba 101 0 $ager 102 $aIT 200 1 $aBeitrag zur Kunde der norditalienischen Mundarten im 15. Jahrhunderte$fvon Adolf Mussafia 205 $aPhotostatischer Nachdruck der Originalausgabe$fmit den hier zum erstenmal gedruckten vollständingen Indices von Fritz Gysling$gVorwort von Carlo Tagliavini 210 $aBologna$cForni$d1964 215 $a65 p.$d34 cm 606 1 $aDialetti italiani 676 $a457.003$v(22. ed.)$9Lingua italiana. Varianti storiche e geografiche, varianti non geografiche moderne. Dizionari, enciclopedie, concordanze 700 1$aMussafia,$bAdolfo$0153797 702 1$aGysling,$bFritz 702 1$aTagliavini,$bCarlo 801 0$aIT$bUniversitā della Basilicata - B.I.A.$gREICAT$2unimarc 912 $a000039535 996 $aBeitrag zur Kunde der norditalienischen Mundarten im 15. Jahrhunderte$9100706 997 $aUNIBAS BAS $aLETTERE CAT $aEXT016$b01$c20141111$lBAS01$h1215 CAT $aEXT016$b01$c20141111$lBAS01$h1216 CAT $aMDL$b30$c20160211$lBAS01$h1621 CAT $aMDL$b30$c20160211$lBAS01$h1622 FMT Z30 -1$lBAS01$LBAS01$mBOOK$1BASA1$APolo Storico-Umanistico$2DSLF$BCollezione DiSLF$3DF/E 2553$64681$5F4681$820141111$f04$FPrestabile Didattica